000 01043nam a2200253 a 4500
003 CBULib
005 20240813072400.0
008 170419s2016 ||||||||||||||||| || u
020 _a978-92-1-117122-8
040 _aCBULib
_bEnglish
_cCBULib
_dCBULib
_erda
050 _aUNECE(02) 2016/2
110 _aUnited Nations Economic Commission for Europe (UNECE)
245 1 0 _aUNECE policy for general equality and the empowerment of woman: supporting the SDGs implemntation in the UNECE region (2016 -2020)
_cUnited Nations Economic Commission for Europe (UNECE)
260 _aGeneva
_bUnited Nations Economic Commission for Europe (UNECE)
_c2016
300 _a32pages: illustrations
336 _2rdacontent
_aText |
_btxt
337 _2rdamedia
_aUnmediated |
_bc
338 _2rdacarrier
_aVolume
_bnc
650 0 _aWOMEN--GOVERNMENT POLICY--AFRICA
_9831
_bWOMEN--GOVERNMENT POLICY
650 0 _aWOMEN IN DEVELOPMENT
_93253
650 0 _aWOMEN'S RIGHTS
_93254
942 _2lcc
_c029
999 _c60770
_d60770